Spanish 5000 (9/10) - Statistics

General Stats
  • This quiz has been taken 18 times
  • The average score is 260 of 501
Answer Stats
English Spanish % Correct
accident, irregularity accidente
100%
adoption adopción
100%
alcohol alcohol
100%
to dance bailar
100%
basic, essential básico
100%
donkey burro
100%
street calle
100%
category categoría
100%
Catholic católico
100%
to celebrate celebrar
100%
clear | of course, clearly claro
100%
classic clásico
100%
cocaine, coke coca
100%
company compañía
100%
condition condición
100%
constant constante
100%
to continue continuar
100%
breeding, raising cría
100%
when cuando
100%
when? cuándo
100%
money dinero
100%
candy, sweets dulce
100%
efficient eficiente
100%
example ejemplo
100%
examination, exam examen
100%
extra extra
100%
formula fórmula
100%
photo, picture foto
100%
gala (performance/dinner) gala
100%
galaxy galaxia
100%
gallery, balcony galería
100%
gas gas
100%
generation generación
100%
general general
100%
genetic genético
100%
sister hermana
100%
horrible horrible
100%
intuition intuición
100%
invisible invisible
100%
invitation invitación
100%
[rd person] (dir obj-f) la
100%
lake lago
100%
Latin latín
100%
lion león
100%
limited limitado
100%
moon luna
100%
mention mención
100%
metal metal
100%
no no
100%
nine nueve
100%
opera ópera
100%
to participate participar
100%
perfectly perfectamente
100%
person persona
100%
plate, dish plato
100%
present presente
100%
previous previo
100%
door puerta
100%
who, whom quien
100%
who?, whom? quién
100%
republic república
100%
serious serio
100%
sexual sexual
100%
if, whether si
100%
tomato tomate
100%
bull toro
100%
work, job, effort trabajo
100%
to sell vender
100%
abandoned abandonado
80%
to abuse abusar
80%
to activate, stimulate activar
80%
alert alerta
80%
to alternate alternar
80%
Arab árabe
80%
sand arena
80%
up, above arriba
80%
automatically automáticamente
80%
balcony balcón
80%
mouth, entrance, opening boca
80%
cancer cáncer
80%
academic chair cátedra
80%
cathedral catedral
80%
fourteen catorce
80%
civic, civil cívico
80%
communication comunicación
80%
to communicate comunicar
80%
to consolidate consolidar
80%
constantly constantemente
80%
contact contacto
80%
contamination, pollution contaminación
80%
continent continente
80%
coordination coordinación
80%
to copy copiar
80%
thing cosa
80%
to create crear
80%
creativity creatividad
80%
to define definir
80%
definitive, conclusive definitivo
80%
dependence, dependency dependencia
80%
direct, straight directo
80%
discrimination discriminación
80%
division división
80%
during durante
80%
echo, response eco
80%
economist economista
80%
she, [ellas] them (f) ella
80%
to write escribir
80%
esthetic estético
80%
stomach estómago
80%
expert experto
80%
ugly, nasty, rude feo
80%
fiscal, treasury fiscal
80%
furious furioso
80%
goal gol
80%
helicopter helicóptero
80%
hello, hi hola
80%
ideal, (goal) ideal
80%
illuminated iluminado
80%
hell, inferno infierno
80%
informative informativo
80%
insecurity inseguridad
80%
inspiration, inhalation inspiración
80%
to invoke invocar
80%
Italian italiano
80%
Japanese japonés
80%
juice jugo
80%
justification justificación
80%
clean limpio
80%
mass, massive masivo
80%
midnight medianoche
80%
millennium milenio
80%
mine mío
80%
monastery, convent monasterio
80%
to need necesitar
80%
girlfriend, bride novia
80%
mania, obsession obsesión
80%
occidental, Western occidental
80%
occupation, use ocupación
80%
west oeste
80%
opportunity, chance oportunidad
80%
to pay pagar
80%
past, last pasado
80%
hair pelo
80%
personally personalmente
80%
popularity popularidad
80%
presidential presidencial
80%
productive, profitable productivo
80%
publication publicación
80%
public, audience público
80%
people, village pueblo
80%
to receive recibir
80%
reduced, limited reducido
80%
reserved, booked reservado
80%
ritual, rite ritual
80%
second segundo
80%
sixty sesenta
80%
earth, land, ground tierra
80%
towel toalla
80%
tolerance tolerancia
80%
to use, utilize utilizar
80%
twenty veinte
80%
verse, poem verso
80%
vertical, upright vertical
80%
road, way, por v.: by means, via vía
80%
visit, visitor, guest visita
80%
lawyer abogado
60%
actress actriz
60%
to thank for agradecer
60%
antenna antena
60%
last name apellido
60%
spider araña
60%
Argentine argentino
60%
to ascend, be promoted ascender
60%
to base on, base upon basar
60%
button botón
60%
champion campeón
60%
capacity capacidad
60%
carbon, coal carbono
60%
to marry casar
60%
to punish castigar
60%
Chilean chileno
60%
appointment, date, quotation cita
60%
code código
60%
compact, dense compacto
60%
to complicate, make difficult complicar
60%
shopping, buy, purchase compra
60%
consideration, regard consideración
60%
contrast contraste
60%
correction, amendment corrección
60%
correct, suitable correcto
60%
to grow, increase crecer
60%
course, direction curso
60%
deficiency, lack deficiencia
60%
dictator dictador
60%
to argue, discuss discutir
60%
to enjoy disfrutar
60%
to emit, give (off) emitir
60%
to find encontrar
60%
to escape escapar
60%
slavery esclavitud
60%
writer escritor
60%
that (n) eso
60%
mirror, reflection espejo
60%
to establish establecer
60%
to exclaim exclamar
60%
excursion excursión
60%
expulsion, ejection expulsión
60%
easily fácilmente
60%
reputation, fame fama
60%
favorable, suitable favorable
60%
physically físicamente
60%
strongly fuertemente
60%
function, meeting función
60%
graphic, explicit gráfico
60%
cry, shout, scream grito
60%
(el) hunger, starvation hambre
60%
hydrogen hidrógeno
60%
to implement implementar
60%
immediate inmediato
60%
unnecessary innecesario
60%
institute instituto
60%
to insult, berate insultar
60%
to invade, overcome invadir
60%
lip labio
60%
lament, moan lamento
60%
slowly lentamente
60%
letter, handwriting, lyrics letra
60%
pound (money/weight) libra
60%
list, roster, roll lista
60%
call, knock llamada
60%
town, locality localidad
60%
luxury lujo
60%
miracle milagro
60%
mineral, ore mineral
60%
wretched, miserable miserable
60%
monarch monarca
60%
mobile móvil
60%
mobility, movement movilidad
60%
dead muerto
60%
birth, origin nacimiento
60%
obligatory, compulsory obligatorio
60%
ocean océano
60%
organism, (human) body organismo
60%
orientation, direction orientación
60%
to ask for, request pedir
60%
stone, rock piedra
60%
dust, powder polvo
60%
to postulate, nominate postular
60%
precedent precedente
60%
prestigious prestigioso
60%
province, region provincia
60%
project, plan proyecto
60%
rebel, insurgent rebelde
60%
record récord
60%
adjustment, regulation regulación
60%
relationship, relation relación
60%
relevance relevancia
60%
to remove remover
60%
revolver, Egun revólver
60%
rigid, stiff, firm rígido
60%
to select seleccionar
60%
senator senador
60%
following, next siguiente
60%
single, bachelor soltero
60%
smile sonrisa
60%
to go up subir
60%
luck, fortune suerte
60%
earthquake terremoto
60%
(sum) total total
60%
throne trono
60%
verb verbo
60%
violation, rape violación
60%
volume volumen
60%
oil aceite
40%
forward, further adelante
40%
decoration, adornment adorno
40%
isolated aislado
40%
housekeeper, housewife ama
40%
width ancho
40%
anxiety ansiedad
40%
archive, file, filing cabinet archivo
40%
to wrinkle, crumple arrugar
40%
assault, robbery asalto
40%
like that así
40%
still, yet aún
40%
advance, progress avance
40%
(snack) bar, café bar
40%
bag, purse bolso
40%
catastrophe catástrofe
40%
hunting (game) caza
40%
to chat, talk charlar
40%
kind, class, order clase
40%
command, order comando
40%
to behave comportar
40%
compromise, engagement compromiso
40%
cooperative, co-op cooperativa
40%
of the body, corporal corporal
40%
fourth cuarto
40%
cultivation, crop cultivo
40%
weakness debilidad
40%
to denounce denunciar
40%
to bury enterrar
40%
interview, meeting entrevista
40%
to fill with enthusiasm, excite entusiasmar
40%
balance equilibrio
40%
U.S., American estadounidense
40%
to exclude, reject excluir
40%
focus foco
40%
strength, force, power fuerza
40%
rooster gallo
40%
guardian guardián
40%
Guatemalan guatemalteco
40%
to have (+Ved) haber
40%
Honduran hondureño
40%
impressive, astonishing impresionante
40%
to (have) influence influir
40%
interim, intermediate intermedio
40%
brick ladrillo
40%
(tin) can lata
40%
madness, insanity locura
40%
fight, struggle, wrestle lucha
40%
from Madrid madrileño
40%
ministry ministerio
40%
to bother, disturb, upset molestar
40%
girl muchacha
40%
to notice notar
40%
to occasion, bring about ocasionar
40%
to pray, speak orar
40%
listener, hearer oyente
40%
panel, screen panel
40%
leg, paw pata
40%
employer, landlord, patron saint patrón
40%
forgiveness, pardon perdón
40%
platform, springboard plataforma
40%
website, portal ,entrance portal
40%
to predict predecir
40%
to proceed, start proceder
40%
prophet profeta
40%
to propose proponer
40%
sensible, prudent prudente
40%
reception, waiting room recepción
40%
register, record registro
40%
to return (to a place) regresar
40%
to subtract, minimize restar
40%
to point (out), signal señalar
40%
feeling, sentiment sentimiento
40%
simultaneously simultáneamente
40%
trade union sindicato
40%
to solicit, request solicitar
40%
to suppose, assume suponer
40%
such (a) tal
40%
to tremble, shake temblar
40%
stupid, dumb tonto
40%
veil velo
40%
to be plentiful abundar
20%
warning, notice advertencia
20%
agrarian, agricultural agrario
20%
to drown, choke, flood ahogar
20%
right now, in a minute ahorita
20%
to plead, argue alegar
20%
to store, keep almacenar
20%
anxious, eager ansioso
20%
to take power apoderar
20%
to start (machine), uproot arrancar
20%
artisan, craftsman artesano
20%
elevator ascensor
20%
to dare atrever
20%
bug, creature bicho
20%
quiet, reserved callado
20%
championship campeonato
20%
carnival carnaval
20%
folder, file carpeta
20%
scar cicatriz
20%
commander, commanding officer comandante
20%
rhythm, time, compass compás
20%
conscience, consciousness conciencia
20%
to condition, determine condicionar
20%
guilty culpable
20%
cultured, educated culto
20%
decree, order decreto
20%
the rest, others demás
20%
to decipher descifrar
20%
prisoner, detainee detenido
20%
behind detrás
20%
to differ diferir
20%
to have means, dispose disponer
20%
owner, landlord (m) dueño
20%
to enrich enriquecer
20%
training entrenamiento
20%
stage, setting, scene escenario
20%
to make an effort, exert oneself esforzar
20%
statistic estadística
20%
stimulus, encouragement estímulo
20%
narrow estrecho
20%
thin, frail flaco
20%
arrow, dart flecha
20%
failure, collapse fracaso
20%
to keep, save guardar
20%
full, sick of harto
20%
wound herida
20%
to flee, run away huir
20%
independently independientemente
20%
income, revenue ingresos
20%
immediately inmediatamente
20%
regrettable lamentable
20%
graduate, lawyer licenciado
20%
crying, weeping llanto
20%
to put (into) meter
20%
hopefully ojalá
20%
to give birth parir
20%
kick, punt patada
20%
to perceive, notice percibir
20%
fullness, abundance, plentitude plenitud
20%
loan, borrowing préstamo
20%
preventive, preemptive preventivo
20%
previously previamente
20%
tip, point punta
20%
task, job, chore quehacer
20%
to reject rechazar
20%
right, straight, honest recto
20%
to reply replicar
20%
softly suavemente
20%
to add up, amount to sumar
20%
to endorse, subscribe suscribir
20%
to sigh suspirar
20%
size (of clothing), stature talla
20%
thermal, heated térmico
20%
rag, cloth trapo
20%
triumph, victory triunfo
20%
lately, recently últimamente
20%
old age vejez
20%
to watch over velar
20%
traveler, passenger viajero
20%
housing, dwelling vivienda
20%
steering wheel volante
20%
event, happening acontecimiento
0%
eagerness, zeal, effort afán
0%
grateful, thankful agradecido
0%
group, association agrupación
0%
adjustment, settlement ajuste
0%
(el) dawn, daybreak alba
0%
rent, rental alquiler
0%
appropriate apropiado
0%
passionate, ardent ardiente
0%
brook, stream, gutter arroyo
0%
beautiful, fine bello
0%
chancellor, ambassador canciller
0%
tape, ribbon, film, strip cinta
0%
citizenship, citizens ciudadanía
0%
start, beginning comienzo
0%
police station comisaría
0%
comfort, convenience comodidad
0%
to verify, prove comprobar
0%
sentence (in prison), penalty condena
0%
consensus, consent consenso
0%
cord, yarn, braid cordón
0%
curtain, screen cortina
0%
misfortune, bad luck desgracia
0%
office, study despacho
0%
reduction, decrease disminución
0%
student estudiantil
0%
invoice, bill factura
0%
index card, chip, token ficha
0%
flow, tide, discharge flujo
0%
fleeting, brief, fugaz
0%
expense, expenditure gasto
0%
to be unaware ignorar
0%
inconvenience, drawback inconveniente
0%
sheet (of metal) lámina
0%
plain, prairie, plainness llanura
0%
back, loin, spine lomo
0%
shade, tint, nuance matiz
0%
minute, insignificant minúsculo
0%
nobility, uprightness nobleza
0%
guideline, rule, standard pauta
0%
to capture, catch pillar
0%
police policial
0%
cover, title page portada
0%
fundamental, primary primordial
0%
advertising publicitario
0%
to edit, write, compose redactar
0%
to finish off, finish up rematar
0%
to heal, cure remediar
0%
profitable rentable
0%
sudden repentino
0%
to rest, lie down reposar
0%
rest, peace reposo
0%
to back, support, endorse respaldar
0%
rein, restraint rienda
0%
headquarters, seat sede
0%
(foot) path sendero
0%
servant servidor
0%
to subject someter
0%
auction subasta
0%
earthly, of the earth terrestre
0%
clumsy, awkward, slow torpe
0%
treason, betrayal traición
0%
to calm down tranquilizar
0%
fast, quick veloz
0%
link, connection vinculación
0%
No matching quizzes found
Score Distribution
Percent of People with Each Score
Percentile by Number Answered
Your Score History
You have not taken this quiz